| 000 | 00748nam a22002411i 4500 | ||
|---|---|---|---|
| 001 | 25638 | ||
| 003 | BD-RjUL | ||
| 005 | 20211209050915.0 | ||
| 008 | 140318s1956 enka b 00100 eng d | ||
| 035 | _a(BD-RjUL)25708 | ||
| 040 |
_aDLC _beng _cDLC _dBD-RjUL |
||
| 041 | _aeng | ||
| 082 | 0 | 4 |
_a951.05 _bWAC 1956 |
| 100 | 1 |
_aWalker, Richard L. _q(Richard Louis), _d1922- _978776 |
|
| 245 | 1 | 0 |
_aChina under communism : _bthe first five years. _cRichard L. Walker. |
| 260 | 0 |
_aLondon : _bAllen & Unwin, _c1956. |
|
| 300 |
_axv, 403p. : _bill.; _c22 cm. |
||
| 504 | _aIncludes bibliographical references and index. | ||
| 650 | 0 |
_aCommunism _zChina. _978777 |
|
| 651 | 0 |
_aChina _xHistory _y1945- _978778 |
|
| 942 |
_2ddc _cBK |
||
| 999 |
_c25638 _d25638 |
||